| 000 | 00502nam a22001937a 4500 | ||
|---|---|---|---|
| 003 | MPLRDC | ||
| 005 | 20220104203324.0 | ||
| 008 | 210129b ||||| |||| 00| 0 eng d | ||
| 020 | _a7-80028-179-5 | ||
| 082 | _a622.4 CWD v.1 | ||
| 100 | _a陈文德 | ||
| 245 |
_a曹操争霸经营史. 1 _c |
||
| 250 | _a初版一刷 | ||
| 260 |
_a中国 _b现代出版社 _c1993 |
||
| 300 | _b平 | ||
| 490 | _a实用历史: 1 | ||
| 650 | _a中国汉及三国史--魏(220-265) | ||
| 942 |
_cBK _o622.4 CWD v.1 |
||
| 999 |
_c68076 _d68066 |
||